Gaming Quiz

Random Gaming or Pokémon Quiz

Rock Pokemon Blitz Quiz Stats

 Plays Quiz not verified by Sporcle

Challenge
Share
Tweet
Embed
Score 0/62 Timer 02:00
0 Plays Today
Pokemon % Correct
Geodude
98.8%
Golem
98.8%
Graveler
98.8%
Kabuto
96.8%
Kabutops
96.8%
Onix
96.8%
Aerodactyl
96.4%
Omanyte
95.6%
Omastar
95.6%
Anorith
95.2%
Armaldo
94.8%
Cradily
94.4%
Lileep
94.4%
Archen
93.2%
Archeops
93.2%
Bastiodon
92.4%
Rhydon
92.4%
Rhyhorn
92.4%
Shieldon
92.4%
Carracosta
92%
Roggenrola
92%
Tirtouga
91.6%
Boldore
91.2%
Gigalith
91.2%
Cranidos
90.8%
Aggron
90.4%
Aron
90.4%
Rampardos
90.4%
Tyrantrum
90.4%
Amaura
90.4%
Lairon
90%
Pokemon % Correct
Rhyperior
90%
Tyrunt
90%
Aurorus
89.6%
Regirock
87.6%
Nosepass
85.7%
Probopass
85.3%
Terrakion
85.3%
Larvitar
84.9%
Pupitar
84.1%
Tyranitar
84.1%
Rockruff
81.4%
Shuckle
81.3%
Lunatone
80.9%
Dwebble
80.5%
Solrock
80.5%
Crustle
79.7%
Magcargo
78.9%
Relicanth
78.5%
Lycanroc
78%
Corsola
77.3%
Carbink
76.1%
Diancie
75.3%
Binacle
72.5%
Nihilego
71.2%
Barbaracle
70.9%
Sudowoodo
69.7%
Bonsly
68.1%
Minior
64.4%
Mega Aerodactyl
19.9%
Mega Diancie
15.9%
Mega Tyranitar
15.5%

You're not logged in!

Compare scores with friends on all Sporcle quizzes.
Join for Free
OR
Log In

You Might Also Like...

Show Comments

Extras

Top Quizzes Today


Score Distribution

Your Account Isn't Verified!

In order to create a playlist on Sporcle, you need to verify the email address you used during registration. Go to your Sporcle Settings to finish the process.

Report this User

Report this user for behavior that violates our Community Guidelines.

Details: